书目信息 |
| 题名: |
近代英国劳资冲突与化解
|
|
| 作者: | 施义慧 , 初庆东 著 | |
| 分册: | ||
| 出版信息: | 南京 南京师范大学出版社 2020.12 |
|
| 页数: | 408页 | |
| 开本: | 24cm | |
| 丛书名: | 英国社会转型研究丛书 | |
| 单 册: | ||
| 中图分类: | F249.561 , F24 | |
| 科图分类: | ||
| 主题词: | 劳资纠纷--lao zi jiu fen--处理--研究--英国--近代 | |
| 电子资源: | ||
| ISBN: | 978-7-5651-4748-7 | |
| 000 | 01196nam 2200313 450 | |
| 001 | 2274811125 | |
| 005 | 20220915204746.48 | |
| 010 | @a978-7-5651-4748-7@b精装@dCNY98.00 | |
| 100 | @a20210621d2020 em y0chiy50 ea | |
| 101 | 0 | @achi |
| 102 | @aCN@b320000 | |
| 105 | @ay a 000yy | |
| 200 | 1 | @a近代英国劳资冲突与化解@Ajin dai ying guo lao zi chong tu yu hua jie@f刘金源, 初庆东等著 |
| 210 | @a南京@c南京师范大学出版社@d2020.12 | |
| 215 | @a408页@d24cm | |
| 225 | 2 | @a英国社会转型研究丛书@Aying guo she hui zhuan xing yan jiu cong shu@h第1辑 |
| 300 | @a国家出版基金项目 国家“十三五”重点图书出版规划项目 教育部人文社会科学重点研究基地重大项目等 | |
| 320 | @a有书目 (第383-400页) | |
| 330 | @a本书分五章, 内容包括: 家长制控制的兴衰 ; 从管制到仲裁的转变 ; 调解与仲裁的兴起 ; 民间集体谈判制的盛行 ; 政府引导下的集体谈判。 | |
| 410 | 0 | @12001 @a英国社会转型研究丛书@h第1辑 |
| 606 | 0 | @a劳资纠纷@Alao zi jiu fen@x处理@x研究@y英国@z近代 |
| 690 | @aF249.561@v5 | |
| 690 | @aF24@v4 | |
| 701 | 0 | @a施义慧@Ashi yi hui@4著 |
| 701 | 0 | @a初庆东@Achu qing dong@4著 |
| 801 | 0 | @aCN@b人天书店@c20210621 |
| 901 | @a江苏南京师范大学出版社 | |
| 905 | @aZUCC@dF24@e3 | |
| 997 | @a期货 | |
| 近代英国劳资冲突与化解/刘金源, 初庆东等著.-南京:南京师范大学出版社,2020.12 |
| 408页;24cm.-(英国社会转型研究丛书.第1辑) |
| 国家出版基金项目 国家“十三五”重点图书出版规划项目 教育部人文社会科学重点研究基地重大项目等 |
| ISBN 978-7-5651-4748-7(精装):CNY98.00 |
| 本书分五章, 内容包括: 家长制控制的兴衰 ; 从管制到仲裁的转变 ; 调解与仲裁的兴起 ; 民间集体谈判制的盛行 ; 政府引导下的集体谈判。 |
| ● |
| 相关链接 |
|
|
|
正题名:近代英国劳资冲突与化解
索取号:F24/3
 
预约/预借
| 序号 | 登录号 | 条形码 | 馆藏地/架位号 | 状态 | 备注 |
| 1 | 2000892784 | 2000892784 | 第三书库/ [索取号:F24/3] | 在馆 | |
| 2 | 2000892785 | 2000892785 | 第三书库/ [索取号:F24/3] | 在馆 | |
| 3 | 2000892786 | 2000892786 | 第三书库/ [索取号:F24/3] | 在馆 |